| 000 | 00344nam a22001577a 4500 | ||
|---|---|---|---|
| 003 | SGT | ||
| 020 | _a978-93-87964-10-5 | ||
| 082 |
_a618.92 _bG19P |
||
| 100 | _aPAUL,VINOD.K,ED. | ||
| 245 | _a GHAI ESSENTIAL PEDIATRICS | ||
| 250 | _a9TH | ||
| 260 |
_aNEW DELHI _bCBS PUB _c2019 |
||
| 300 | _a798 | ||
| 650 | _aAYURVEDA | ||
| 942 |
_2ddc _cBK _021 |
||
| 999 |
_c16897 _d16897 |
||